Stêden fan Fryslân / Steden van Friesland - Statistics

General Stats
  • This quiz has been taken 32 times
  • The average score is 9 of 12
Answers on the Map
Answers color-coded by a green-red scale on the quiz's map according to % correct below.
 
Answer Stats
answer % Correct
Ljouwert | Leeuwarden | Leuvarde
100%
Dokkum
96%
Snits | Sneek
92%
Boalser | Bolsward
88%
Harns | Harlingen
88%
Frjentsjer | Franeker
84%
Drylst | IJlst
72%
Sleat | Sloten
72%
Starum | Stavoren | Staveren
72%
Warkum | Workum
72%
Hylpen | Hindelopen
64%
Berltsum | Berlikum
28%
No matching quizzes found
Score Distribution
Percent of People with Each Score
Percentile by Number Answered
Your Score History
You have not taken this quiz